000 00428cam a2200169ua 4500
020 _crs.2/-
041 _aeng
_h
082 _a338.9
_bGIL/EC
100 _aGill , Richard. T .
245 _aEconomic devolopment: past and present /
_cGill.
_hTextual Documents
260 _a :
_b Prentice hall of India Ltd ,
_c1963.
300 _a120 ; .
365 _ars.2/-
504 _a
942 _cBK
999 _c11259
_d11259